000 nam a22 7a 4500
999 _c331899
_d331899
003 NUST
005 20171101115020.0
008 171101b xxu||||| |||| 00| 0 eng d
020 _a0
040 _c0
082 _a628 EPA
245 _aDesign Manual:
_bFine Pore Aeration Systems
260 _aCincinnati
_bEPA
_c1989
300 _a305p.
500 _aP.B
942 _2ddc
_cBK
_kIESE